| 000 | 00882nam a2200265 a 4500 | ||
|---|---|---|---|
| 001 | 25475 | ||
| 003 | CO-ViMGA | ||
| 008 | 141112s2004 ck r 000 u spa d | ||
| 015 | _ack - 2007 - xxxx | ||
| 020 | _a9789583505978 | ||
| 040 |
_aCO-ViMGA _bspa _cCO-ViMGA |
||
| 082 | 0 | 4 | _a347.05 C17c |
| 100 | 1 |
_aCarnelutti, Francesco, 1879 - 1965 _938881 |
|
| 245 | 1 | 0 |
_aCómo se hace un proceso / _cpor Francesco Carnelutti ; traducción de Santiago Sentís Melendo y Mariano Ayerra Redín |
| 250 | _a3a. ed. | ||
| 260 |
_aBogotá : _bTemis, _c2012 |
||
| 300 | _aX, 159 p. ; 17 cm | ||
| 490 | _aMonografías jurídicas ; 5 | ||
| 598 | _aNEW - GRAL, NEW | ||
| 650 | 1 | 4 |
_aProcesos (Derecho) _928690 |
| 700 | 1 |
_aSentís Melendo, Santiago, traductor tr. _938882 |
|
| 917 | _a2009 - 6360 2 ej. | ||
| 942 |
_2ddc _cBK |
||
| 990 | _a2009 - 6360 Editorial Temis 2 ej. 21 18092009 a691533 | ||
| 999 |
_c33061 _d33061 |
||